|
|
|
|
| LEADER |
00000nam0a2200000 4500 |
| 001 |
230951 |
| 005 |
20231101231036.0 |
| 010 |
|
|
|b 22000 экз.
|
| 035 |
|
|
|a (RuTPU)RU\TPU\book\251966
|
| 090 |
|
|
|a 230951
|
| 100 |
|
|
|a 20130128d1964 m y0rusy50 ca
|
| 101 |
0 |
|
|a rus
|
| 102 |
|
|
|a RU
|
| 105 |
|
|
|a a z 001zb
|
| 200 |
1 |
|
|a Воспоминания советского посла
|e в двух книгах
|h Книга первая: Путешествие в прошлое
|
| 210 |
|
|
|a Москва
|c Наука
|d 1964
|
| 215 |
|
|
|a 462 с.
|c портр.
|
| 320 |
|
|
|a Приложения: с. 435-454
|
| 320 |
|
|
|a Указ. имен: с. 455-461
|
| 320 |
|
|
|a Перечень иллюстраций: с. 462.
|
| 600 |
|
1 |
|a Майский
|b И. М.
|c российский историк
|c дипломат
|f 1884-1975
|g Иван Михайлович
|c писатель
|2 stltpush
|3 (RuTPU)RU\TPU\pers\11574
|
| 600 |
|
1 |
|a Литвинов
|b М. М.
|c настоящие фамилия и имя Валлах Макс
|c советский государственный деятель
|f 1876-1951
|g Максим Максимович
|2 stltpush
|3 (RuTPU)RU\TPU\pers\22503
|9 9596
|
| 600 |
|
1 |
|a Чичерин
|b Г. В.
|
| 600 |
|
1 |
|a Ротштейн
|b Ф. А.
|
| 600 |
|
1 |
|a Коллонтай
|b А. М.
|c урожденная Домонтович
|c российский дипломат
|f 1872-1952
|g Александра Михайловна
|2 stltpush
|3 (RuTPU)RU\TPU\pers\12467
|9 3474
|
| 600 |
|
1 |
|a Берзин
|b Я.
|
| 600 |
|
1 |
|a Степняк
|b Ф. М.
|
| 600 |
|
1 |
|a Кропоткин
|b П. А.
|c российский политический деятель
|c князь
|c революционер
|c теоретик анархизма
|c географ и геолог
|f 1842-1921
|g Петр Алексеевич
|2 stltpush
|3 (RuTPU)RU\TPU\pers\866
|9 387
|
| 600 |
|
1 |
|a Зунделевич
|b А. И.
|
| 600 |
|
1 |
|a Карпович
|b П. В.
|
| 610 |
1 |
|
|a история
|
| 610 |
1 |
|
|a дипломаты
|
| 610 |
1 |
|
|a воспоминания
|
| 675 |
|
|
|a 9:327
|v 3
|
| 700 |
|
1 |
|a Майский
|b И. М.
|c российский историк
|c дипломат
|c писатель
|f 1884-1975
|g Иван Михайлович
|2 stltpush
|3 (RuTPU)RU\TPU\pers\11574
|9 2764
|
| 801 |
|
1 |
|a RU
|b 63413507
|c 20130128
|
| 801 |
|
2 |
|a RU
|b 63413507
|c 20130128
|g RCR
|
| 942 |
|
|
|c BK
|